000 01155nam a22002777a 4500
005 20240305165511.0
007 cr|||| ||||
008 180907s2018 mx |||||s|||| 00||0 spa d
020 _a978-607-629-213-6
035 _a21997
040 _avLex
090 _c8093
_d8093
100 1 _aPérez Chávez, José
245 1 0 _aProntuario de Amparo 2018
_h[Recurso electrónico] /
_cJosé Pérez Chávez, Raymundo Fol Olguín
256 _aServicio en línea
260 _aCiudad de México:
_bTax Editores,
_c2018
300 _a1 recurso electrónico
506 1 _aDisponible solo en los productos indicados
_dvLex Global
_dvLex Global (Academic Edition, excluding Law Schools)
_dvLex Global (U.S. Academic Edition, Law Schools)
_dvLex Global (U.S. Academic Edition, excluding Law Schools)
_dvLex Global (Academic Edition, Law Schools)
650 0 4 _aDerecho Constitucional
_zMéxico
650 0 4 _aProcedimiento Civil
_zMéxico
650 0 4 _aProcedimiento Laboral
_zMéxico
700 1 _aFol Olguín, Raymundo
740 0 _avLex Libros (Servicio en línea)
856 4 0 _uhttps://app.vlex.com/#/sources/prontuario-amparo-2018-21997
942 _cRAA
999 _c166330
_d166330